| 000 | 00693nam a2200241Ia 4500 | ||
|---|---|---|---|
| 003 | GCL | ||
| 008 | 140319s9999 xx 000 0 ara d | ||
| 040 |
_aGCL / _cGCL |
||
| 082 | 0 | 4 |
_a252 _bع ا |
| 100 | 1 | _aعبدالله محمود شحاته | |
| 245 | 1 | 0 |
_aاركان الاسلام / _cعبدالله محمود شحاته |
| 260 |
_a[S.N] : _bالهيئة المصرية العامة للكتاب ، _c1988 |
||
| 300 | _a366 ص | ||
| 490 | _a | ||
| 650 | 0 | 4 | _aالاسلام |
| 650 | 0 | 4 | _aالحج |
| 650 | 0 | 4 | _aالصلاة |
| 650 | 0 | 4 | _aالشهادة |
| 650 | 0 | 4 | _aالزكاة |
| 650 | 0 | 4 | _aالعبادات |
| 650 | 0 | 4 | _aالشعائر الدينية |
| 942 |
_2ddc _cBK |
||
| 999 |
_c36166 _d36166 |
||